000 00620nam a2200241Ia 4500
003 OSt
005 20221007110142.0
006 a|||||r|||| 00| 0
007 ta
008 221006b |||||||| |||| 00| 0 eng d
024 _a20,487
037 _cTextual
040 _aLCO
_cLCO
_beng
041 _2eng
_aeng
082 _aZ1,6, M2
100 _aChavan R.S
245 0 _aIndian Private International Law
260 _aNew
_bDelhi Sterling Publishing India
_c1982
300 _a221
650 _aPRIVATE INTERNATIONAL LAW
942 _hZ1,6, M2
_cTEXL
999 _c1190050
_d1190050